Tlapková patrola. Dobrodružství na moři /
Dva napínavé příběhy na mořských vlnách s neohroženými štěňaty z Tlapkové patroly.
Uloženo v:
| Série: | Tlapková patrola,
část |
|---|---|
| Další autoři: | |
| Médium: | E-kniha |
| Jazyk: | Czech |
| Vydáno: |
V Praze :
Egmont,
2022
|
| Vydání: | První vydání |
| Edice: | Paw Patrol (Egmont)
Začínáme číst (Egmont) |
| Témata: | |
| Příbuzné jednotky: | Přeloženo z:
Break the ice Přeloženo z: Chase is on the case Z cyklu:: Tlapková patrola |
| Tagy: |
Žádné tagy |
| LEADER | 02470cam a2200577 i 4500 | ||
|---|---|---|---|
| 001 | 311499 | ||
| 003 | CZ PrSKC | ||
| 005 | 20260601215706.0 | ||
| 007 | ta | ||
| 008 | 220204s2022 xr a b 000 j cze | ||
| 015 | |a cnb003394645 | ||
| 020 | |a 9788025251294 |q (vázáno) : |c Kč 229,00 | ||
| 035 | |a (OCoLC)1310111737 | ||
| 040 | |a ABG001 |b cze |d ABA001 |e rda | ||
| 041 | 1 | |a cze |h eng | |
| 072 | 7 | |a 821-93 |x Literatura pro děti a mládež (beletrie) |2 Konspekt | |
| 080 | |a 821-32 |2 MRF | ||
| 080 | |a 821-93 |2 MRF | ||
| 080 | |a (0:82-32) |2 MRF | ||
| 245 | 0 | 0 | |a Tlapková patrola. |p Dobrodružství na moři / |c překlad Petra Vichrová |
| 246 | 3 | 0 | |a Dobrodružství na moři |
| 250 | |a První vydání | ||
| 264 | 1 | |a V Praze : |b Egmont, |c 2022 | |
| 300 | |a 47 stran : |b barevné ilustrace ; |c 24 cm | ||
| 336 | |a text |b txt |2 rdacontent | ||
| 336 | |a statický obraz |b sti |2 rdacontent | ||
| 337 | |a bez média |b n |2 rdamedia | ||
| 338 | |a svazek |b nc |2 rdacarrier | ||
| 490 | 1 | |a Paw Patrol | |
| 490 | 1 | |a Začínáme číst | |
| 500 | |a Přeloženo z angličtiny | ||
| 500 | |a Nad názvem uvedeno původní nakladatelství: Nickelodeon | ||
| 505 | 0 | 0 | |t Tlapky zachraňují velrybí mládě -- |t Chase má případ |
| 520 | 2 | |a Dva napínavé příběhy na mořských vlnách s neohroženými štěňaty z Tlapkové patroly. |b Tlapková patrola se nezalekne ani vody. Pomůžou velrybí mámě najít ztracené velrybátko a opravit světlomety na porouchaném majáku. Celostránkové ilustrace doplněné krátkým textem. | |
| 521 | 8 | |a Pro děti od 6 let | |
| 655 | 7 | |a příběhy |7 fd133204 |2 czenas | |
| 655 | 7 | |a publikace pro děti |7 fd133156 |2 czenas | |
| 655 | 9 | |a stories |2 eczenas | |
| 655 | 9 | |a children's literature |2 eczenas | |
| 700 | 1 | |a Vichrová, Petra |7 ola20181002403 |4 trl | |
| 765 | 0 | |t Break the ice | |
| 765 | 0 | |t Chase is on the case | |
| 787 | 0 | 8 | |i Z cyklu: |t Tlapková patrola |
| 830 | 0 | |a Paw Patrol (Egmont) | |
| 830 | 0 | |a Začínáme číst (Egmont) | |
| 900 | |a ABA001 |b 21 | ||
| 928 | 9 | |a Albatros Media - Egmont | |
| 044 | |a xr | ||
| 910 | |a RBIT002 | ||
| 998 | |d 345633 |a https://core.palmknihy.cz/api/books/345633/cover?si71fm |b https://core.palmknihy.cz/api/books/345633/cover/400?si71fm |c https://core.palmknihy.cz/api/books/345633/cover/50?si71fm |e 2026-06-30 |g 48 |i 9788025251294 |k https://core.palmknihy.cz/api/books/345633/preview.pdf |l |q 49 |r 1 |s https://www.palmknihy.cz/kniha/345633 |t ebook |y 2022 |z 0 |v Tlapková patrola |w 0 | ||
| 999 | |d 311497 | ||